000 01424nam a2200445 c 4500
001 23316
003 ES-MaCES
005 20141221122833.0
008 100922s2010 sp bd t 000 | spa d
017 _aV 1885-2010
_bDL
020 _a9788496515888
035 _aCES20100007782m
040 _aES-MaCES
_bspa
_cES-MaCES
245 0 3 _aLa feminización de las profesiones sanitarias
_cedición a cargo de Pablo Vázquez Vega ; [autores], Rocío Albert López-Ibor ... [et al.]
250 _a1ª ed
260 _aBilbao
_bFundación BBVA
_c2010
300 _a289 p.
_c24 cm
500 _aÍndices
504 _aBibliografía
541 _cCompra
650 4 _aasistencia médica
_930272
650 4 _apersonal médico
_927060
650 4 _amujeres
_928657
650 4 _atrabajadora
_928413
650 4 _adiscriminación por razones de sexo
_929521
650 4 _asegmentación del mercado de trabajo
_929566
650 4 _aveterinario
_928498
650 4 _amédico
_928495
650 4 _aestudio de casos
_928846
650 4 _aEspaña
_926964
650 4 _aanálisis económico
_927070
650 4 _ainvestigación sociológica
_927260
653 1 0 _aSalud
700 1 _aAlbert López-Ibor, Rocío
_95804
700 1 _aVázquez Vega, Pablo
_eed. lit.
_925605
710 2 _aFundación BBVA
_eed.
_93766
902 _aLIB Libro
942 _2CES
_cBK
_h3.1.
999 _c23316
_d23316